The rules of the Calcutta city civil court, 1956 (Record no. 397779)

000 -LEADER
fixed length control field 00298cam a22001097a 4500
008 - FIXED-LENGTH DATA ELEMENTS--GENERAL INFORMATION
fixed length control field 180718b1957 xxu||||| |||| 00| 0 eng d
082 ## - DEWEY DECIMAL CLASSIFICATION NUMBER
Classification number H225x5412 B436C
100 ## - MAIN ENTRY--PERSONAL NAME
Personal name West Bengal.
245 ## - TITLE STATEMENT
Title The rules of the Calcutta city civil court, 1956
260 ## - PUBLICATION, DISTRIBUTION, ETC.
Place of publication, distribution, etc. Alipore
Name of publisher, distributor, etc. The author
Date of publication, distribution, etc. 1957
300 ## - PHYSICAL DESCRIPTION
Extent 26+p
Holdings
Withdrawn status Lost status Damaged status Not for loan Permanent Location Current Location Date acquired Full call number Barcode Date last seen Price effective from Koha item type
        Indian Institute of Public Administration Indian Institute of Public Administration 2001-07-10 H225x5412 B436C 24573 2018-07-21 2018-07-21 Book

Powered by Koha